| 000 | 00529nam a22002177a 4500 | ||
|---|---|---|---|
| 003 | OSt | ||
| 005 | 20240629113957.0 | ||
| 008 | 240629b |||||||| |||| 00| 0 eng d | ||
| 020 | _a978-93-5270-034-9 | ||
| 040 | _cTrident | ||
| 082 |
_a610 _bRAH |
||
| 100 |
_aAsma Rahim _945380 |
||
| 245 | _aPrinciples and Practice of Community Medicine | ||
| 250 | _a2nd | ||
| 260 |
_aNew Delhi _bJaypee _c2017 |
||
| 300 | _axxiv,758 | ||
| 500 | _a1 | ||
| 650 | _aBiomedical | ||
| 700 |
_aThomas V Chacko _945381 |
||
| 942 |
_2ddc _cBK _n0 |
||
| 999 |
_c61112 _d61112 |
||